La poesía: como experiencia de lenguaje y libertad creeadora
Na minha lista:
| Autor principal: | |
|---|---|
| Formato: | Livro |
| Idioma: | espanhol |
| Publicado em: |
Santiago
Ministerio de Educación
1998
|
| Assuntos: | |
| Tags: |
Adicionar Tag
Sem tags, seja o primeiro a adicionar uma tag!
|
MARC
| LEADER | 00000nam a2200000 a 4500 | ||
|---|---|---|---|
| 001 | UCP7012 | ||
| 003 | CL-VaPUC | ||
| 008 | 991126e19980000CL |||||||||||||||||spa|d | ||
| 082 | 0 | 4 | |a 372.6 |b MAN |2 21 |
| 100 | |a Mansilla Torres, Sergio |e autor |9 554594 | ||
| 245 | 1 | 3 | |a La poesía: como experiencia de lenguaje y libertad creeadora |
| 300 | |a 80 p | ||
| 942 | |c BK | ||
| 945 | |d 19991126 00:00:00 |a rbrito | ||
| 260 | |a Santiago |b Ministerio de Educación |c 1998 | ||
| 650 | 0 | |a Enseñanza del lenguaje |9 373325 | |
| 650 | 0 | |a Poética |9 266624 | |
| 650 | 0 | |a Análisis lingüístico |9 314711 | |
| 583 | |a last modification |c 19991126 00:00:00 |k Rodrigo Vera | ||
| 999 | |c 284381 |d 284379 | ||
| 952 | |0 0 |1 0 |4 0 |6 372_600000000000000_MAN_1998 |7 0 |8 A |9 328343 |a BIBEDU |b BIBEDU |d 2019-11-20 |i 358092K |l 1 |o 372.6 MAN 1998 |p 358092K |r 2024-05-17 |s 2024-05-07 |w 2019-11-20 |y BK |k BME | ||